000 00832nam a2200277 i 4500
003 EG-GICUC
005 20260422161948.0
008 260422s1919 nyu||||fr|||| 00| 0 eng d
040 _aEG-GiCUC
_beng
_cEG-GiCUC
_dEG-GiCUC
_eRda
082 0 4 _221
_a343.6
_bPA . C
092 0 4 _221
099 _aLaw1 10 343.6 PA . C 1919
100 1 _aMaurice,Parmelee
_eAuthor.
245 1 0 _aCriminology /
_cMaurice Parmelee.
264 1 _aNew York :
_bThe Macmillan Company,
_c1919.
300 _a522 page ;
_c 24 cm.
336 _2rda contenu
_a texte
337 _2rda medias
_aOrdinateur
338 _2 transporteur rda
_a Ressource en ligne
546 _aText in English
650 1 _aCriminal Law
650 1 _aCriminology
856 4 0 _uhttps://fll.law.cu.edu.eg/fulltext/bks/B10-10867.pdf
905 _a59
942 _2ddc
_n0
_cBK
_e21
999 _c72836
_d72836